000 00285nam a2200109 a 4500
001 4140
005 20140414131946.0
008 090218s19uu xx 00 eng d
050 _aTR 372.46
_bG78 2004
245 _aLet's read with Pat and Bat :
_bpull and learn phonics.
999 _c112685
_d112685